00377nam a2200145Ia 4500003000400000005001700004008004100021040001800062041000800080100004300088110001900131245002500150260001700175710003900192OSt20260306155524.0211028s2010 xx 000 0 und d cAIMIT LIBRARY aeng aMuneer C K, Abdul; Rao, Rohini.g71701 aAravind Prabhu aVirtual university / aCochinc2010 aDelixus Software I dia Pvt Limited